000 00402nam a2200169Ia 4500
005 20250411010018.0
008 240331s9999 xx 000 0 und d
020 _a9558425044
082 _bWIJ
_a891
100 _aWijayawardena,C.J
245 0 _aSeeliyage lokaya
250 _a2nd
260 _aColombo
_bSuriya publication
_c2000
300 _a232 p .,
650 _aStory of a Village
942 _cL
999 _c4942
_d4942